Voľnočasové zóny v okolí mesta Žarnovica
Enregistré dans:
| Auteur principal: | |
|---|---|
| Autres auteurs: | |
| Format: | Manuscrit Livre |
| Langue: | slovaque |
| Publié: |
Bratislava
2020
|
| Sujets: | |
| Accès en ligne: | http://is.stuba.sk/zp/portal_zp.pl?podrobnosti=153705 |
| Tags: |
Pas de tags, Soyez le premier à ajouter un tag!
|
MARC
| LEADER | 00000ntm a22000003a 4500 | ||
|---|---|---|---|
| 001 | stuzp80114 | ||
| 003 | SK-STU | ||
| 005 | 20200812083226.7 | ||
| 007 | ta | ||
| 008 | 150427s2015----xo-----f-mn---000-0-slo-d | ||
| 040 | |a STU |b slo | ||
| 041 | 0 | |a slo | |
| 100 | 1 | |a Vavro, Michal |u 059190 |4 aut |U FAD Fakulta architektúry |T FA Ústav dizajnu |X 77122 |U A9190 |Y 400 |7 77122 | |
| 242 | 0 | 1 | |a Leisure Zones in the Žarnovica Area |y eng |
| 245 | 1 | 0 | |a Voľnočasové zóny v okolí mesta Žarnovica |
| 260 | |c 2020 |a Bratislava | ||
| 650 | 4 | |a oddychová zóna |2 slo | |
| 650 | 4 | |a v lese |2 slo | |
| 650 | 4 | |a príroda |2 slo | |
| 650 | 4 | |a modulárny dizajn |2 slo | |
| 650 | 4 | |a dizajn |2 slo | |
| 650 | 4 | |a komunita |2 slo | |
| 650 | 4 | |a aplikácia |2 slo | |
| 650 | 4 | |a design |2 eng | |
| 650 | 4 | |a relaxation zone |2 eng | |
| 650 | 4 | |a in the forest |2 eng | |
| 650 | 4 | |a nature |2 eng | |
| 650 | 4 | |a community |2 eng | |
| 650 | 4 | |a application |2 eng | |
| 650 | 4 | |a modular design |2 eng | |
| 700 | 1 | |a Lipková, Michala |u 059190 |k Z1 |4 ths |U FAD Fakulta architektúry |T FA Ústav dizajnu |X 15371 |U A9190 |Y 400 |7 A000015371 | |
| 856 | 4 | |u http://is.stuba.sk/zp/portal_zp.pl?podrobnosti=153705 |u https://opac.crzp.sk/?fn=detailBiblioForm&sid=2DE4D0DBB221E90D1088FBBEC259 | |